MARC details
| 000 -LEADER |
| fixed length control field |
01733nam a2200289 a 4500 |
| 008 - FIXED-LENGTH DATA ELEMENTS--GENERAL INFORMATION |
| fixed length control field |
120416s1994 ||||||||||||||||| || u |
| 020 ## - INTERNATIONAL STANDARD BOOK NUMBER |
| International Standard Book Number |
9280808346 |
| 050 ## - LIBRARY OF CONGRESS CALL NUMBER |
| Classification number |
JS 113 Loc |
| 100 ## - MAIN ENTRY--PERSONAL NAME |
| Personal name |
Bennett, R. J. (Robert John) |
| 245 10 - TITLE STATEMENT |
| Title |
Local government and market decentralisation |
| Statement of responsibility, etc. |
edited by Robert J. Bennett |
| 246 ## - |
| -- |
experiences in industrialised, developing and former eastern block countries |
| 260 ## - PUBLICATION, DISTRIBUTION, ETC. |
| Place of publication, distribution, etc. |
Tokyo |
| Name of publisher, distributor, etc. |
United Nations University Press |
| Date of publication, distribution, etc. |
1994 |
| 300 ## - PHYSICAL DESCRIPTION |
| Extent |
x, 506 p. : ill. |
| 350 ## - |
| -- |
0.00 |
| 500 ## - GENERAL NOTE |
| General note |
Includes bibliographical references. |
| 650 ## - SUBJECT ADDED ENTRY--TOPICAL TERM |
| Topical term or geographic name entry element |
LOCAL GOVERNMENT--MSUNDUZI--SOUTH AFRICA |
| 650 #0 - SUBJECT ADDED ENTRY--TOPICAL TERM |
| Topical term or geographic name entry element |
PRIVATIZATION |
| 650 ## - SUBJECT ADDED ENTRY--TOPICAL TERM |
| Topical term or geographic name entry element |
DECENTRALIZATION IN GOVERNMENT |
| 650 ## - SUBJECT ADDED ENTRY--TOPICAL TERM |
| Topical term or geographic name entry element |
GOVERNMENT |
| 650 ## - SUBJECT ADDED ENTRY--TOPICAL TERM |
| Topical term or geographic name entry element |
CENTRAL-LOCAL GOVERNMENT RELATIONS |
| 995 ## - |
| -- |
ANNEX COLLECTION (Main Library) |
| -- |
0.00 |
| -- |
733389 |
| -- |
CBU-MAIN LIBRARY (Kitwe) |
| -- |
4 |
| -- |
66.95 |
| -- |
JS 113 Loc |
| -- |
4 |
| -- |
AVAILABLE |
| -- |
45216 |
| -- |
Annex Low-Usage Collection |
| 995 ## - |
| -- |
ANNEX COLLECTION (Main Library) |
| -- |
0.00 |
| -- |
733387 |
| -- |
CBU-MAIN LIBRARY (Kitwe) |
| -- |
1 |
| -- |
66.95 |
| -- |
JS 113 Loc |
| -- |
1 |
| -- |
AVAILABLE |
| -- |
45218 |
| -- |
Annex Low-Usage Collection |
| 995 ## - |
| -- |
ANNEX COLLECTION (Main Library) |
| -- |
0.00 |
| -- |
731639 |
| -- |
CBU-MAIN LIBRARY (Kitwe) |
| -- |
2 |
| -- |
66.95 |
| -- |
JS 113 Loc |
| -- |
2 |
| -- |
AVAILABLE |
| -- |
028679 |
| -- |
Annex Low-Usage Collection |
| 995 ## - |
| -- |
ANNEX COLLECTION (Main Library) |
| -- |
0.00 |
| -- |
731640 |
| -- |
CBU-MAIN LIBRARY (Kitwe) |
| -- |
3 |
| -- |
66.95 |
| -- |
JS 113 Loc |
| -- |
3 |
| -- |
AVAILABLE |
| -- |
028678 |
| -- |
Annex Low-Usage Collection |
| 995 ## - |
| -- |
ANNEX COLLECTION (Main Library) |
| -- |
0.00 |
| -- |
731641 |
| -- |
CBU-MAIN LIBRARY (Kitwe) |
| -- |
5 |
| -- |
66.95 |
| -- |
JS 113 Loc |
| -- |
5 |
| -- |
AVAILABLE |
| -- |
028677 |
| -- |
Annex Low-Usage Collection |
| 995 ## - |
| -- |
ANNEX COLLECTION (Main Library) |
| -- |
0.00 |
| -- |
733388 |
| -- |
CBU-MAIN LIBRARY (Kitwe) |
| -- |
6 |
| -- |
66.95 |
| -- |
JS 113 Loc |
| -- |
6 |
| -- |
AVAILABLE |
| -- |
45215 |
| -- |
Annex Low-Usage Collection |
| 999 ## - |
| -- |
82241 |
| -- |
82241 |